Responses for show #8378 - Wednesday, April 14, 2021

Champion's winnings & consolation amounts matched to the North Valley Community Foundation.

Contestants

[<< previous game]

Patrick Hume, a project manager originally from Stoneham, Massachusetts

Kari Stadem, a retired homeschooler from Willmar, Minnesota

Erick Loh, a pastor from Northridge, California (whose 1-day cash winnings total $21,000)

[next game >>]

Jeopardy! Round responses

CARIBBEAN GEOGRAPHY
ALSO A BATMAN VILLAIN
BIBLICALLY INSPIRED BOOK TITLES
THE LETTER OF THE LAWN
HODGEPODGE
ONE-SYLLABLE ADJECTIVES
    $200 16
Puerto Rico

Erick
    $200 1
joker

Patrick
    $200 6
Moses

Erick
    $200 26
(Aaron: Right. [**] is the film.)

a pink flamingo (Pink Flamingos)

Erick
    $200 11
Cupid

Erick
    $200 19
lax

Kari
    $400 17
Antilles

Patrick
    $400 2
a penguin

Triple Stumper
    $400 7
David

Kari
    $400 27
Bermuda

Erick
    $400 12
the Amazon

Erick
    $400 20
fair

Erick
    $600 18
(Patrick: What is a mojito?)
(Erick: What is kahlua?)

a daiquiri

ErickPatrick
Triple Stumper
    $600 3
Scarecrow

Erick
    $600 8
East of Eden

Kari
    $600 28
drought

Kari
    $600 13
the IRS

Erick
    $600 23
bay

Kari
    $800 21
the British Virgin Islands

Kari
    $800 4
an egghead

Patrick
    $1,000 9
Lord of the Flies

Kari
    $800 29
a trellis

Erick
    $800 14
(Peter Mark) Roget

Kari
    $800 24
(Erik: What is hale?)

sound

ErickKari
    $1000 22
the Cayman Trench

Patrick
    $1000 5
poison ivy

Patrick
    $1000 10
A Scanner Darkly

Patrick
    $1000 30
anaerobic

Patrick
    $1000 15
pekoe

Triple Stumper
    $1000 25
a swift

Patrick

Scores at the first commercial break (after clue 15):

Erick Kari Patrick
$2,000 $2,800 $3,000

Scores at the end of the Jeopardy! Round:

Erick Kari Patrick
$2,600 $5,800 $5,800

Double Jeopardy! Round responses

3-NAMED CELEBRITIES
OLD OCCUPATIONS
MATH TALK
WARM THOUGHTS
WHAT IS YOUR "MAJOR"?
MALFUNCTION
    $400 5
Jamie Lee Curtis

Patrick
    $400 16
the town crier

Kari
    $400 1
base

Patrick
    $400 21
winter

Erick
    $400 11
a majorette

Patrick
    $400 26
Apollo 13

Kari
    $800 6
Jada Pinkett Smith

Patrick
    $800 17
a barber

Kari
    $800 2
an arc

Patrick
    $800 22
(Henry David) Thoreau

Patrick
    $800 12
(Erick: What is the MLS? [*].)

Major League Soccer

Erick
    $800 27
Janet Jackson

Patrick
    $1200 7
John Cougar Mellencamp

Patrick
    $1200 18
a miller & a milliner

Patrick
    $1200 3
(Kari: What is equilateral?)

isosceles

ErickKari
    $1200 23
Heloise

Patrick
    $1200 13
Canis Major

Triple Stumper
    $1200 28
Mars

Patrick
    $1600 8
Haley Joel Osment

Erick
    $3,000 19
(Patrick: I do not know.)
(Aaron: Nothing?)
(Patrick: Nope.)
(Aaron: Correct response is, "What is [*]?" from the Latin "to wash".)

lavender

Patrick
    $1600 4
efficient (co-efficient)

Kari
    $1600 24
Eleanor Roosevelt

Erick
    $1600 14
John Major

Patrick
    $3,000 29
Three Mile Island

Patrick
    $2000 9
Sarah Michelle Gellar

Erick
    $2000 20
a scrivener

Patrick
    $2000 10
the absolute value

Erick
    $2000 25
Robert Burns

Triple Stumper
    $2000 15
the Major Arcana

Patrick
    $2000 30
(Aaron: There's a long road named after him as well.)

William Mulholland

Triple Stumper

Scores at the end of the Double Jeopardy! Round:

Erick Kari Patrick
$12,200 $7,800 $20,600

[wagering suggestions for these scores]

Final Jeopardy! Round responses

SHAKESPEARE
(Aaron: [To Patrick] Played by Laurence Olivier and Mel Gibson, among others.)
KariWhat is Romeo + Juliet?
$4,000
ErickWhat is Romeo and Juliet?
$12,200
PatrickWhat is Hamlet?
$3,801
Hamlet

Final scores:

Erick Kari Patrick
$0 $3,800 $24,401
3rd place: $1,000 2nd place: $2,000 New champion: $24,401

Game dynamics:

Coryat scores:

Erick Kari Patrick
$12,200 $7,600 $22,200
17 R,
2 W
13 R
(including 1 DD),
1 W
23 R
(including 1 DD),
2 W
(including 1 DD)

Combined Coryat: $42,000

The J! Archive is created by fans, for fans. The Jeopardy! game show and all elements thereof, including but not limited to copyright and trademark thereto, are the property of Jeopardy Productions, Inc. and are protected under law. This website is not affiliated with, sponsored by, or operated by Jeopardy Productions, Inc. Join the discussion at JBoard.tv.